| 000 | 01283cad a2200265 4500 | ||
|---|---|---|---|
| 001 | L158297 | ||
| 002 | 20052 | ||
| 008 | 050125n2014 000 0 eng u | ||
| 020 | _a9781783210862 | ||
| 035 | _a(Sirsi) u158297 | ||
| 041 | 0 | _aeng | |
| 050 | 0 | 4 | _a380.1 $2 18 |
| 110 | 2 |
_aRoyal Institution of Chartered Surveyors _94900 |
|
| 245 | 0 | 0 |
_aSelling personal property at auction _bRICS guidance note _h[electronic resource] |
| 250 | _a2nd edition | ||
| 260 |
_aLondon _bRICS _c2014 |
||
| 490 | 0 | _aRICS Guidance Note | |
| 505 | 0 | _aRICS professional guidance -- Chair's introduction -- Before the sale -- Pre-auction -- The sale -- After the sale -- Post-auction -- Property governed by special statues -- Conditions of business -- Statutes -- Cataloguing practice -- Legal responsibilities. | |
| 520 | _aDetails best practice for members conducting auctions of antiques, fine art and chattels globally. Covers what needs to be done before, during and after a sale. Supersedes 1st ed. L128593. | ||
| 651 | 4 | _aInternational | |
| 690 |
_aArts and Antiques _96217 |
||
| 700 | 1 | _aFarren-Bradley, Alice | |
| 856 | 4 | 1 |
_uhttps://www.rics.org/profession-standards/knowledge-and-information-services/document-delivery-and-o _zemail [email protected] to request a copy |
| 942 | _n0 | ||
| 999 |
_c115252 _d115252 |
||